000 00626nam a22001817a 4500
005 20260416090431.0
008 260416b |||||||| |||| 00| 0 eng d
020 _a978-0-8053-1670-4
050 _aQA 76.73 .C15 F73 1995
100 _aFRASER, CHRISTOPHER W.
245 _aA RETARGETABLE C COMPILER: DESIGN AND IMPLEMENTATION.
260 _aREDWOOD CITY,
_bTHE BENJAMIN/CUMMINGS PUBLISHING COMPANY, INC.
_c1995.
300 _aXV, 562 P , ILL
500 _aINCLUDES BIBLIOGRAPHY AND INDEX.
650 _a1. COMPUTER ( COMPUTER PROGRAMS) 2. PROGRAMMING LANGUAGE- DESIGN.
700 _aHANSON, DAVID R.
942 _2lcc
_cBK
999 _c216983
_d216983